000 01415nam0a2200313 4500
001 RU\NLR\BIBL_A\022410180
005 20250128194045.0
021 _aRU
035 _a(NLR Aleph) 022410180
090 _a13335665
_c13335665
100 _a20241212d1950 c y0rusy50 ca
101 0 _amol
102 _aMD
105 _aa z 000 y
181 0 _ai
_baxxe
182 0 _an
200 1 _aКулежере де проблеме ши екзерчиций аритметиче
_eпентру класа 1-а А школий ынчепэтоаре
_fН. Н. Никитин, Г. Б. Поляк ши Л. Н. Володина
203 _aТекст
_bвизуальный
_cнепосредственный
205 _aЕдиция а патра
210 _aКишинэу
_cЕдитура де Стат а Молдовей
_d1950
215 _d20
_cил.
_a144 ,[2] c.
541 1 _aСборник арифметических задач и упражнений
_eдля 1-го кл. нач. шк.
_zrus
686 1 _aВ10я72
700 1 _aНикитин
_bН. Н.
_cматематик-педагог
_f1885-1966
_gНиколай Никифорович
_3RU\NLR\AUTH\770210779
_4070
701 1 _aПоляк
_bГ. Б.
_f1894-
_gГригорий Борисович
_3RU\NLR\AUTH\770223471
_4070
701 1 _aВолодина
_bЛ. Н.
_gЛюдмила Николаевна
_4070
942 _cBOOK
980 _aNB